Szczegóły MARC21

Afro-American literary study in the 1990s /

005 -DATA I CZAS OSTATNIEJ MODYFIKACJI [,]
    • @
    • pole kontrolne
    • 20070315155141.9
020 -Międzynarod. znormalizowany nr książki - ISBN [ , ]
    • a
    • Numer ISBN
    • 0226035379 Find
040 -Instytucja sporządzająca opis [ , ]
    • a
    • Instytucja, która sporządziła opis (NP)
    • SZCZ U
    • c
    • Instytucja, która sporządziła rekord (NP)
    • SZCZ U
041 -Język dokumentu [0, ]
    • a
    • Język tekstu (P)
    • angielski
    • h
    • Język tekstu oryginalnego i/lub pośredniego (P)
    • angielski
942 -Rodzaj dokumentu [ , ]
    • c
    • Rodzaj dokumentu
    • Książka
245 -Strefa tytułu i oznaczenia odpowiedzialności [0, ]
    • a
    • Tytuł
    • Afro-American literary study in the 1990s / Find
    • c
    • Pozostałe elementy strefy tytułu i oznaczenia odpowiedzialności (NP)
    • ed. by Houston A. Baker jr and Patricia Redmond.
260 -Strefa adresu wydawniczego [ , ]
    • a
    • Miejsce wydania (P)
    • Chicago ; London :
    • b
    • Nazwa wydawcy (P)
    • The Univ.of Chicago Press,
    • c
    • Data wydania (P)
    • 1989.
300 -Strefa opisu fizycznego [ , ]
    • a
    • Określenie formy książki i/lub objętość (NP)
    • VI, 246 s. :
    • c
    • Format (NP)
    • 24 cm.
490 -Strefa serii i książki wielotomowej - forma nie do wyszukiwania [0, ]
    • a
    • Tytuł (P)
    • (Back Literature and Culture) Find
500 -Uwaga ogólna [ , ]
    • a
    • Uwaga ogólna (NP)
    • Ind
080 -Uniwersalna Klasyfikacja Dziesiętna [ , ]
    • a
    • Symbol klasyfikacji
    • 820(73)(091)(04)=20
980 -Symbol UKD [ , ]
    • a
    • UKD
    • 820(73)(091)(04)=20
920 -ISBN [ , ]
    • a
    • ISBN
    • 0-226-03537-9 Find
Sygnatura Numer inwentarzowy Status udost. Data inwentaryzacji Lokalizacja
ANG. Amer. lit. etniczna 02A.173411999-07-16BM